00529nam a2200181Ia 450000500170000000800410001702000150005808200150007310000150008824500430010326000520014630000130019865000100021165000080022194200060022995200970023599900150033220240430025128.0240331s9999 xx 000 0 und d a8170361699 bRAMa331.4 aRamu, G.N. 0aWomen work and marriage in urban India aNew DelhibSage publication India pvt Ltdc1989 a206, p., aWomen aSex cL 001040708LaWERCLbWERCLcSSCd2024-03-31l0o 331.4 RAMp3388r2024-03-31w2024-03-31yL c2621d2621